[Event "100 Jahre Schvgg Blankenese - Open 2023"]
[Site "Lise-Meitner-Gymnasium (HH)"]
[Date "2023.10.01"]
[Round "3.24"]
[White "Reuter, Maximilian"]
[Black "Reich, Kristina"]
[Result "1-0"]
[WhiteElo "1901"]
[BlackElo "1529"]
[PlyCount "43"]
[EventDate "2023.09.30"]
[EventType "swiss"]
[EventRounds "7"]
[WhiteTeam "SchVgg Blankenese von 1923 e.V."]
[BlackTeam "Hamburger SK von 1830 eV"]

1. d4 d5 2. Bf4 Nf6 3. e3 c5 4. Nf3 Nc6 5. Nbd2 Bg4 6. c3 Qb6 7. Qa4 Bxf3 8.
gxf3 Qxb2 9. Rb1 Qxc3 10. Ba6 Qa5 11. Bb5 Qxa4 12. Bxa4 Kd8 13. Rxb7 Rc8 14.
Nb3 Nb4 15. Nxc5 a5 16. Ke2 Nxa2 17. Kd2 e6 18. Ra1 Nb4 19. Rc1 Na2 20. Nxe6+
fxe6 21. Rxc8+ Kxc8 22. Rb8# 1-0

[Event "100 Jahre Schvgg Blankenese - Open 2023"]
[Site "Lise-Meitner-Gymnasium (HH)"]
[Date "2023.10.01"]
[Round "3.25"]
[White "Mi, Gufeng"]
[Black "Harms, Friedjof"]
[Result "0-1"]
[WhiteElo "1544"]
[BlackElo "1889"]
[PlyCount "84"]
[EventDate "2023.09.30"]
[EventType "swiss"]
[EventRounds "7"]
[WhiteTeam "Niendorfer TSV 1919 SAbt"]
[BlackTeam "SV Bad Bevensen"]

1. e4 e5 2. Nc3 Nf6 3. d3 Bc5 4. h3 O-O 5. g3 d5 6. Bg5 d4 7. Nd5 Nbd7 8. a3 h6
9. Nxf6+ Nxf6 10. Bd2 a5 11. Bg2 Qe7 12. Ne2 c6 13. O-O Nh7 14. f4 f6 15. f5
Bd7 16. Kh2 b5 17. g4 Bd6 18. h4 c5 19. Ng3 Rfc8 20. Rg1 c4 21. Bf1 c3 22. bxc3
dxc3 23. Be3 Bxa3 24. Nh5 Bb2 25. Rb1 a4 26. Qf3 a3 27. Be2 a2 28. Ra1 Bxa1 29.
Rxa1 Ra4 30. g5 fxg5 31. hxg5 Nxg5 32. Bxg5 Qxg5 33. f6 Qh4+ 34. Kg2 Rf8 35.
Rh1 Qxh1+ 36. Kxh1 a1=Q+ 37. Kg2 Qc1 38. Kf2 Ra1 39. Qg2 Qg5 40. Qh2 g6 41. Ng3
Rxf6+ 42. Kg2 Qf4 0-1

[Event "100 Jahre Schvgg Blankenese - Open 2023"]
[Site "Lise-Meitner-Gymnasium (HH)"]
[Date "2023.10.01"]
[Round "3.26"]
[White "Kalkowski, Andreas"]
[Black "Topalov, Mihail"]
[Result "1/2-1/2"]
[WhiteElo "1511"]
[BlackElo "1853"]
[PlyCount "97"]
[EventDate "2023.09.30"]
[EventType "swiss"]
[EventRounds "7"]
[WhiteTeam "Königsspr. SC.1984 e.V."]
[BlackTeam "SK Johanneum Eppendorf"]

1. d4 Nf6 2. c4 g6 3. Nc3 d5 4. Nf3 Bg7 5. Bf4 O-O 6. e3 c5 7. dxc5 Qa5 8. Nd4
dxc4 9. Qa4 Qxc5 10. Qxc4 Qa5 11. Bg3 a6 12. Qa4 Qxa4 13. Nxa4 Nbd7 14. Be2 e5
15. Nb3 b6 16. O-O Bb7 17. f3 e4 18. Rac1 Rac8 19. Nc3 Rfe8 20. f4 b5 21. Rfd1
Nb6 22. Na5 Ba8 23. a3 Nbd5 24. Bf2 Nxc3 25. bxc3 Nd5 26. c4 Nc3 27. Re1 Red8
28. Bf1 Na4 29. cxb5 Bc3 30. Nc6 Bxe1 31. Ne7+ Kf8 32. Nxc8 Bxf2+ 33. Kxf2 Bb7
34. Na7 axb5 35. Bxb5 Nb2 36. Rc7 Nd3+ 37. Kg3 Bd5 38. Rc8 Rxc8 39. Nxc8 Ne1
40. Nb6 Bb7 41. a4 Nc2 42. Kf2 Nb4 43. g4 Ke7 44. Nc4 Nd3+ 45. Ke2 f6 46. Na5
Nc5 47. h4 h6 48. Nxb7 Nxb7 49. Kd2 1/2-1/2

[Event "100 Jahre Schvgg Blankenese - Open 2023"]
[Site "Lise-Meitner-Gymnasium (HH)"]
[Date "2023.10.01"]
[Round "3.27"]
[White "Lehmkuhl, Stefan"]
[Black "Bächler, Andreas"]
[Result "1-0"]
[WhiteElo "1811"]
[BlackElo "1509"]
[PlyCount "109"]
[EventDate "2023.09.30"]
[EventType "swiss"]
[EventRounds "7"]
[WhiteTeam "SF Buxtehude"]
[BlackTeam "SC Turm Lüneburg e.V."]

1. d4 Nf6 2. Bg5 d5 3. Bxf6 exf6 4. e3 Bd6 5. c4 dxc4 6. Bxc4 O-O 7. Nc3 c6 8.
Nf3 Nd7 9. O-O f5 10. Qc2 Nf6 11. Rab1 a5 12. a3 Qc7 13. b4 axb4 14. axb4 Bd7
15. Bd3 g6 16. Rfc1 b5 17. Nxb5 Qb8 18. Nxd6 Qxd6 19. Qc5 Qxc5 20. bxc5 Be6 21.
Bc4 Bxc4 22. Rxc4 Ra2 23. Rcb4 Rfa8 24. Rb8+ Rxb8 25. Rxb8+ Kg7 26. Rb1 Ne4 27.
Rf1 f6 28. h4 h5 29. Rc1 Nxf2 30. d5 Nd3 31. Rc3 Ra1+ 32. Kh2 Ne5 33. dxc6
Nxf3+ 34. gxf3 Ra8 35. Rd3 Rc8 36. Rd6 g5 37. Rd7+ Kg6 38. c7 g4 39. Kg3 Kh6
40. c6 Kg6 41. Kf4 gxf3 42. Kxf3 Kh6 43. Kf4 Kg6 44. Kf3 Kh6 45. e4 Kg6 46. Kf4
Kh6 47. exf5 Rxc7 48. Rd6 Kg7 49. Ke4 Kf7 50. Kd5 Ke7 51. Re6+ Kd8 52. Rxf6 Re7
53. Kd6 Rd7+ 54. Kc5 Rd1 55. Rd6+ 1-0

[Event "100 Jahre Schvgg Blankenese - Open 2023"]
[Site "Lise-Meitner-Gymnasium (HH)"]
[Date "2023.10.01"]
[Round "3.28"]
[White "Klaeke, Gregor"]
[Black "Paulsen, Tino"]
[Result "0-1"]
[WhiteElo "1482"]
[BlackElo "1786"]
[PlyCount "80"]
[EventDate "2023.09.30"]
[EventType "swiss"]
[EventRounds "7"]
[WhiteTeam "Niendorfer TSV 1919 SAbt"]
[BlackTeam "SF Hamburg e.V. 1934"]

1. e4 c5 2. Nf3 Nc6 3. d4 cxd4 4. Nxd4 Nf6 5. Nc3 e5 6. Nxc6 bxc6 7. Bd3 Be7 8.
O-O O-O 9. Ne2 d5 10. Ng3 Qb6 11. h3 dxe4 12. Nxe4 Nxe4 13. Bxe4 f5 14. Bd3 Be6
15. Qe2 Bf6 16. c3 Rab8 17. a3 Rfe8 18. Kh1 a5 19. Rb1 Qb3 20. Qc2 e4 21. Qxb3
Bxb3 22. Be2 Red8 23. Bf4 Rb7 24. Bd1 Ba2 25. Be2 Bxb1 26. Rxb1 g5 27. Be3 f4
28. Bc4+ Kg7 29. Bc5 Bxc3 30. b3 Kf6 31. Rc1 Bd4 32. Ba6 Rc7 33. Rd1 Rcd7 34.
Rc1 Bb2 35. Rf1 Rd1 36. Kg1 Rxf1+ 37. Kxf1 Rd2 38. Bb7 Bc3 39. Bxc6 Rd1+ 40.
Ke2 Re1# 0-1

[Event "100 Jahre Schvgg Blankenese - Open 2023"]
[Site "Lise-Meitner-Gymnasium (HH)"]
[Date "2023.10.01"]
[Round "3.29"]
[White "Winkelmann, Martin"]
[Black "Bürgener, Richard"]
[Result "1-0"]
[WhiteElo "1769"]
[BlackElo "1490"]
[PlyCount "79"]
[EventDate "2023.09.30"]
[EventType "swiss"]
[EventRounds "7"]
[WhiteTeam "SF Buxtehude"]
[BlackTeam "SV Bad Bevensen"]

1. Nf3 d5 2. g3 Nf6 3. Bg2 e6 4. O-O Be7 5. d3 O-O 6. Nbd2 b6 7. e4 Ba6 8. e5
Nfd7 9. Re1 c5 10. Nf1 Nc6 11. h4 h6 12. N1h2 Qc7 13. Bf4 Qc8 14. h5 f5 15.
exf6 Nxf6 16. Bh3 Nd8 17. Ne5 Re8 18. Nhg4 Kh7 19. Ne3 Nd7 20. Nxd5 Bb7 21.
Nxe7 Rxe7 22. Qg4 Nxe5 23. Rxe5 Nc6 24. Qg6+ Kh8 25. Rxe6 Nd4 26. Rxe7 Nf3+ 27.
Kf1 Qxh3+ 28. Ke2 Nd4+ 29. Kd2 Nf5 30. Re8+ Rxe8 31. Qxe8+ Kh7 32. Qg6+ Kh8 33.
Re1 Bd5 34. Re8+ Bg8 35. Qf7 Ne7 36. Qxe7 Qf1 37. Be3 Kh7 38. Qe4+ Kh8 39. Qe6
Kh7 40. Qxg8# 1-0

[Event "100 Jahre Schvgg Blankenese - Open 2023"]
[Site "Lise-Meitner-Gymnasium (HH)"]
[Date "2023.10.01"]
[Round "3.30"]
[White "Loayza, Ignacio"]
[Black "Zakharchuk, Nazar"]
[Result "1-0"]
[WhiteElo "1732"]
[BlackElo "1200"]
[PlyCount "93"]
[EventDate "2023.09.30"]
[EventType "swiss"]
[EventRounds "7"]
[WhiteTeam "USG Chemnitz"]

1. d4 Nc6 2. Nf3 d5 3. c4 e6 4. e3 Nf6 5. Bd3 Bb4+ 6. Nbd2 Ne4 7. O-O Nxd2 8.
Bxd2 Bxd2 9. Qxd2 Ne7 10. Rac1 c6 11. Qc2 O-O 12. Bxh7+ Kh8 13. Bd3 Qd7 14. Ne5
Qe8 15. f4 b5 16. Rf3 Kg8 17. Bh7+ Kh8 18. Rh3 g6 19. Bxg6+ Kg8 20. Bh7+ Kg7
21. Rg3+ Ng6 22. Nxg6 fxg6 23. Bxg6 Qe7 24. Be8+ Kh8 25. Rh3+ Kg8 26. Qg6+ Qg7
27. Qxg7+ Kxg7 28. Bxc6 Rb8 29. cxb5 e5 30. fxe5 Bxh3 31. gxh3 a6 32. a4 Kh6
33. Rc5 Rg8+ 34. Kf1 Rbf8+ 35. Ke1 Rg1+ 36. Kd2 Rf2+ 37. Kc3 a5 38. Bxd5 Rc1+
39. Kd3 Kg5 40. Rxc1 Rxb2 41. Rf1 Rb4 42. e6 Kh4 43. e7 Kxh3 44. e8=Q Kxh2 45.
Qh8+ Kg3 46. Qg8+ Kh3 47. Rh1# 1-0

[Event "100 Jahre Schvgg Blankenese - Open 2023"]
[Site "Lise-Meitner-Gymnasium (HH)"]
[Date "2023.10.01"]
[Round "3.31"]
[White "Karlinder, Lovis Neo"]
[Black "Stiller, Maximilian"]
[Result "0-1"]
[WhiteElo "1298"]
[BlackElo "1715"]
[PlyCount "142"]
[EventDate "2023.09.30"]
[EventType "swiss"]
[EventRounds "7"]
[WhiteTeam "Schleswiger SV von 1919"]
[BlackTeam "Hagener SV"]

1. e4 c6 2. Nc3 d5 3. Qf3 d4 4. Bc4 e6 5. Nce2 c5 6. d3 Nc6 7. Qg3 Nge7 8. Nf3
Ng6 9. h4 Bd6 10. Qg5 Qxg5 11. Bxg5 h6 12. Bd2 O-O 13. c3 e5 14. h5 Nge7 15.
Ng3 a6 16. a4 Rb8 17. a5 Bc7 18. cxd4 cxd4 19. b4 b5 20. Ba2 Bd6 21. Rb1 Kh8
22. Nh4 Be6 23. Bxe6 fxe6 24. Ne2 Rbc8 25. O-O Rc7 26. Rfc1 Rfc8 27. Rb2 Nb8
28. Rxc7 Rxc7 29. Nf3 Nd7 30. Ng3 Nf6 31. Nh2 Kh7 32. f3 g6 33. hxg6+ Nxg6 34.
Ne2 Nh5 35. g3 Rg7 36. Kf2 Nf6 37. Rb1 h5 38. Rg1 Rc7 39. Rc1 Rxc1 40. Nxc1 Ng8
41. Ne2 N8e7 42. Nc1 Nc6 43. Na2 h4 44. Ng4 Be7 45. Kg2 Kg7 46. Nf2 hxg3 47.
Kxg3 Bh4+ 48. Kg2 Nf4+ 49. Kf1 Kg6 50. Bxf4 exf4 51. Ng4 Be7 52. Kg2 Nxb4 53.
Nxb4 Bxb4 54. Ne5+ Kf6 55. Nc6 Bc3 56. Kf2 b4 57. Ke2 b3 58. Kd1 Kg5 59. Kc1
Kh4 60. Kb1 Kg3 61. Ne5 Kf2 62. Kc1 Ke2 63. Kb1 Kd2 64. Nc4+ Kxd3 65. Ne5+ Ke3
66. Kc1 Ke2 67. Kb1 d3 68. Nxd3 Kxd3 69. e5 Ke3 70. Kc1 Kxf3 71. Kd1 Kg2 0-1

[Event "100 Jahre Schvgg Blankenese - Open 2023"]
[Site "Lise-Meitner-Gymnasium (HH)"]
[Date "2023.10.01"]
[Round "3.32"]
[White "Sermann, Thomas"]
[Black "Körber, Uwe"]
[Result "1/2-1/2"]
[WhiteElo "1200"]
[BlackElo "1697"]
[PlyCount "86"]
[EventDate "2023.09.30"]
[EventType "swiss"]
[EventRounds "7"]
[WhiteTeam "FC ST.Pauli 1910 eV SAbt"]
[BlackTeam "Findorffer Sfr"]

1. d4 d5 2. Nc3 e6 3. Bf4 Bd6 4. e3 a6 5. Nf3 Bxf4 6. exf4 f6 7. a4 b6 8. a5 b5
9. Qe2 Ne7 10. g3 O-O 11. Bh3 Qd6 12. O-O Nbc6 13. Rfe1 Nf5 14. Bxf5 exf5 15.
Nd1 Bd7 16. Ne3 Rfe8 17. Qd3 g6 18. Nd2 Nb4 19. Qb3 Kh8 20. Qc3 Rad8 21. Nb3
Nc6 22. Nc5 Bc8 23. b4 Kg7 24. Qd2 Kf7 25. c3 Qf8 26. Qe2 Nb8 27. Qf3 c6 28.
Re2 Nd7 29. Nd3 Re4 30. Rae1 Qh6 31. h4 Rde8 32. Qg2 Qf8 33. f3 R4e6 34. Nf1 h6
35. Nd2 R8e7 36. Rxe6 Rxe6 37. Rxe6 Kxe6 38. Nb3 Qd6 39. Qe2+ Kf7 40. Kg2 Nf8
41. Nbc5 Ne6 42. Nxe6 Bxe6 43. Qe3 h5 1/2-1/2

[Event "100 Jahre Schvgg Blankenese - Open 2023"]
[Site "Lise-Meitner-Gymnasium (HH)"]
[Date "2023.10.01"]
[Round "3.34"]
[White "Voigt, Dominik"]
[Black "Baumann, Simon"]
[Result "1-0"]
[WhiteElo "1707"]
[BlackElo "1382"]
[PlyCount "57"]
[EventDate "2023.09.30"]
[EventType "swiss"]
[EventRounds "7"]
[WhiteTeam "HSK Lister Turm"]
[BlackTeam "HSK Lister Turm"]

1. e4 e6 2. d4 d5 3. Nd2 dxe4 4. Nxe4 Nd7 5. Nf3 Ngf6 6. Nxf6+ Nxf6 7. Be3 c6
8. Bd3 Qc7 9. Qe2 Bd6 10. h3 Qb6 11. O-O-O Nd5 12. Bd2 c5 13. Ne5 cxd4 14. Bb5+
Ke7 15. Ba4 f6 16. Nd3 e5 17. Bb3 Nb4 18. Bxb4 Bxb4 19. Nf4 Kd8 20. Nd5 Qd6 21.
f4 Be6 22. fxe5 fxe5 23. Nxb4 Bxb3 24. axb3 Qxb4 25. Qxe5 Qe7 26. Rxd4+ Ke8 27.
Qb5+ Kf8 28. Rf1+ Kg8 29. Qd5+ 1-0

[Event "100 Jahre Schvgg Blankenese - Open 2023"]
[Site "Lise-Meitner-Gymnasium (HH)"]
[Date "2023.10.01"]
[Round "3.35"]
[White "Zweig, Gregor"]
[Black "Kraft, Cynthia Yumi"]
[Result "1-0"]
[WhiteElo "1152"]
[BlackElo "1588"]
[PlyCount "116"]
[EventDate "2023.09.30"]
[EventType "swiss"]
[EventRounds "7"]
[WhiteTeam "SK Union Eimsbuettel eV"]
[BlackTeam "Hamburger SK von 1830 eV"]

1. d4 Nf6 2. Bf4 g6 3. Nc3 d5 4. Qd2 Bf5 5. O-O-O h5 6. Nf3 Nbd7 7. Ng5 c6 8.
f3 Qa5 9. Kb1 Bg7 10. e4 dxe4 11. fxe4 Bg4 12. Re1 Nb6 13. h3 Bd7 14. Nb5 Qxd2
15. Nc7+ Kf8 16. Bxd2 Rc8 17. Bf4 Bh6 18. h4 Bg4 19. Bd3 Kg7 20. e5 Nfd5 21.
Nxd5 Nxd5 22. Bc1 Rhd8 23. Rhf1 Bxg5 24. Bxg5 Rd7 25. a3 e6 26. Rf2 a6 27. Ref1
c5 28. c4 Nb6 29. dxc5 Rxc5 30. Be3 Rc6 31. Bxb6 Rxb6 32. Kc2 Rc6 33. Kc3 Rc5
34. Re1 Rc8 35. b4 Rcd8 36. Rd2 Bf5 37. Red1 Bxd3 38. Rxd3 Rxd3+ 39. Rxd3 Rxd3+
40. Kxd3 f6 41. Kd4 Kf7 42. a4 Ke7 43. c5 f5 44. b5 Kd7 45. Kc4 Kc7 46. Kb4 Kc8
47. Ka5 axb5 48. axb5 Kc7 49. g3 b6+ 50. cxb6+ Kb7 51. Kb4 Kxb6 52. Kc4 Kb7 53.
Kc5 Kc7 54. b6+ Kb7 55. Kb5 Kb8 56. Kc6 Kc8 57. Kd6 Kb7 58. Kxe6 Kxb6 1-0

[Event "100 Jahre Schvgg Blankenese - Open 2023"]
[Site "Lise-Meitner-Gymnasium (HH)"]
[Date "2023.10.01"]
[Round "3.36"]
[White "Remizov, Kyryl"]
[Black "Wang, Kaiwen"]
[Result "0-1"]
[WhiteElo "1223"]
[BlackElo "1560"]
[PlyCount "32"]
[EventDate "2023.09.30"]
[EventType "swiss"]
[EventRounds "7"]
[WhiteTeam "Stader SV"]
[BlackTeam "Hamburger SK von 1830 eV"]

1. d4 Nf6 2. Bf4 c5 3. e3 e6 4. Nf3 d5 5. c4 Nc6 6. Bg5 dxc4 7. Bxc4 cxd4 8.
Nxd4 Qa5+ 9. Qd2 Qxg5 10. Nxc6 bxc6 11. O-O Be7 12. Qc3 O-O 13. Be2 Bb7 14. Qb3
Rab8 15. Qa4 c5 16. Qxa7 Qxg2# 0-1

[Event "100 Jahre Schvgg Blankenese - Open 2023"]
[Site "Lise-Meitner-Gymnasium (HH)"]
[Date "2023.10.01"]
[Round "3.37"]
[White "Altun, Mohamed"]
[Black "Schacht, David"]
[Result "1/2-1/2"]
[WhiteElo "1244"]
[BlackElo "1640"]
[PlyCount "44"]
[EventDate "2023.09.30"]
[EventType "swiss"]
[EventRounds "7"]
[WhiteTeam "Findorffer Sfr"]
[BlackTeam "SchVgg Blankenese von 1923 e.V."]

1. e4 e5 2. Nf3 Nc6 3. Bc4 Nf6 4. Ng5 d5 5. exd5 Na5 6. Bb5+ c6 7. dxc6 bxc6 8.
Qf3 Bb7 9. Ba4 h6 10. Ne4 Nxe4 11. Qxe4 Qd4 12. Qxd4 exd4 13. d3 Bb4+ 14. Bd2
Bxd2+ 15. Nxd2 Bc8 16. b4 Nb7 17. Bxc6+ Ke7 18. Nb3 Rd8 19. Nc5 Rb8 20. Na6 Ra8
21. Nc5 Rb8 22. Na6 Ra8 1/2-1/2

[Event "100 Jahre Schvgg Blankenese - Open 2023"]
[Site "Lise-Meitner-Gymnasium (HH)"]
[Date "2023.10.01"]
[Round "3.38"]
[White "Lohmann, Rene"]
[Black "Lorenz, Felix"]
[Result "1/2-1/2"]
[WhiteElo "1496"]
[BlackElo "1225"]
[PlyCount "69"]
[EventDate "2023.09.30"]
[EventType "swiss"]
[EventRounds "7"]
[WhiteTeam "SK Wilhelmsburg 1936 eV"]
[BlackTeam "SF Wedel"]

1. d4 d5 2. c4 e5 3. dxe5 d4 4. Nf3 Nc6 5. g3 Nge7 6. Bg2 Ng6 7. O-O Ngxe5 8.
Nbd2 Bb4 9. b3 Bc3 10. Rb1 Nxf3+ 11. Bxf3 Bh3 12. Bg2 Qd7 13. Bb2 Bxb2 14. Rxb2
Bxg2 15. Kxg2 O-O-O 16. b4 Ne5 17. a4 h5 18. Rh1 h4 19. b5 hxg3 20. hxg3 Nxc4
21. Nxc4 Qd5+ 22. f3 Qxc4 23. a5 Rxh1 24. Kxh1 b6 25. axb6 axb6 26. Qa1 Rd5 27.
Rd2 Qxb5 28. Qa8+ Kd7 29. Qf8 c5 30. Qxf7+ Kd6 31. Qf8+ Ke6 32. Qg8+ Kd6 33.
Qf8+ Ke6 34. Qg8+ Kd6 35. Qf8+ 1/2-1/2

[Event "100 Jahre Schvgg Blankenese - Open 2023"]
[Site "Lise-Meitner-Gymnasium (HH)"]
[Date "2023.10.01"]
[Round "3.39"]
[White "Pavlov, Dmitriy"]
[Black "Khattar, Ranvir Singh"]
[Result "1-0"]
[WhiteElo "1458"]
[BlackElo "1210"]
[PlyCount "61"]
[EventDate "2023.09.30"]
[EventType "swiss"]
[EventRounds "7"]
[WhiteTeam "SV Eidelstedt"]
[BlackTeam "SK Wilhelmsburg 1936 eV"]

1. e4 e5 2. Nf3 Nc6 3. Bc4 Bc5 4. c3 h6 5. d4 exd4 6. cxd4 Bb4+ 7. Bd2 Bxd2+ 8.
Nbxd2 d6 9. Qb3 Qe7 10. d5 Ne5 11. Nxe5 Qxe5 12. Bb5+ Ke7 13. Rc1 Kd8 14. Qc2
Qe7 15. O-O Nf6 16. Rfe1 a6 17. Ba4 b5 18. Bb3 Bb7 19. Nf3 Rc8 20. Nd4 Qd7 21.
Nc6+ Bxc6 22. dxc6 Qe7 23. Rcd1 Re8 24. f3 a5 25. e5 a4 26. exf6 Qxf6 27. Rxe8+
Kxe8 28. Qh7 Qe5 29. Qg8+ Ke7 30. Qxf7+ Kd8 31. Qd7# 1-0

[Event "100 Jahre Schvgg Blankenese - Open 2023"]
[Site "Lise-Meitner-Gymnasium (HH)"]
[Date "2023.10.01"]
[Round "3.40"]
[White "Wang, Kaichen"]
[Black "Braren, Ove Neelis"]
[Result "0-1"]
[WhiteElo "1072"]
[BlackElo "1451"]
[PlyCount "96"]
[EventDate "2023.09.30"]
[EventType "swiss"]
[EventRounds "7"]
[WhiteTeam "SchVgg Blankenese von 1923 e.V."]
[BlackTeam "Königsspr. SC.1984 e.V."]

1. e4 e5 2. Nf3 Nc6 3. d4 exd4 4. Bc4 Nf6 5. Nxd4 d6 6. Nxc6 bxc6 7. Nc3 Be7 8.
O-O O-O 9. Bf4 Bg4 10. Qd2 Rb8 11. b3 Qd7 12. Rfe1 Rfd8 13. e5 Ne8 14. exd6
cxd6 15. Be2 Bxe2 16. Rxe2 Rbc8 17. Rae1 Bf8 18. Bg5 f6 19. Bf4 d5 20. h3 Bc5
21. Qd3 Bb4 22. Re6 Kh8 23. R1e2 d4 24. Na4 Bf8 25. R2e4 Nc7 26. Bxc7 Rxc7 27.
Rh4 h6 28. Rhe4 c5 29. Nb2 Kg8 30. Re2 Bd6 31. R6e4 Rc6 32. Nc4 f5 33. Re6 Bh2+
34. Kxh2 Rxe6 35. Rxe6 Qxe6 36. Na5 Qe5+ 37. Kh1 Qe1+ 38. Kh2 Qxa5 39. Qc4+ Kh8
40. a4 Qc3 41. Qe2 d3 42. cxd3 Rxd3 43. Qe7 Rd5 44. Qxa7 Qe5+ 45. g3 Rd1 46.
Qa8+ Kh7 47. a5 Qe4 48. Qb8 Rh1# 0-1

[Event "100 Jahre Schvgg Blankenese - Open 2023"]
[Site "Lise-Meitner-Gymnasium (HH)"]
[Date "2023.10.01"]
[Round "3.41"]
[White "Frackowiak, Stanislaw"]
[Black "Arps, Mats"]
[Result "1-0"]
[WhiteElo "1441"]
[BlackElo "1128"]
[PlyCount "133"]
[EventDate "2023.09.30"]
[EventType "swiss"]
[EventRounds "7"]
[WhiteTeam "Hamburger SK von 1830 eV"]
[BlackTeam "SK Wilhelmsburg 1936 eV"]

1. d4 d5 2. Nf3 Nf6 3. e3 e6 4. Bd3 Nc6 5. Nbd2 g6 6. O-O Bg7 7. c3 O-O 8. e4
Re8 9. e5 Nd7 10. Re1 f6 11. exf6 Nxf6 12. Nf1 Qd6 13. Ng3 e5 14. Nxe5 Nxe5 15.
dxe5 Rxe5 16. Ne2 Bd7 17. Bf4 Rae8 18. Bxe5 Rxe5 19. Nd4 c5 20. Nf3 Rxe1+ 21.
Qxe1 Nh5 22. Rd1 b5 23. Be4 Nf6 24. Bc2 a6 25. Bb3 c4 26. Bc2 Bh6 27. Ne5 Be8
28. a3 Bf4 29. Nf3 Bf7 30. Rd4 Bh6 31. Rh4 Kg7 32. Qd1 g5 33. Rd4 Qe6 34. Qb1
g4 35. Nh4 Bg5 36. Nf5+ Kf8 37. Ng3 Kg8 38. Bf5 Qe7 39. Bxg4 Nxg4 40. Rxg4 Bg6
41. Qd1 Qe5 42. Rd4 Bd3 43. h4 Bf6 44. Qg4+ Kf7 45. Qd7+ Be7 46. Qxd5+ Qxd5 47.
Rxd5 Bxh4 48. Rd6 a5 49. Rb6 b4 50. axb4 a4 51. Ra6 Bc2 52. Rc6 Bb3 53. Nf5 Bg5
54. Nd6+ Ke7 55. Nxc4 Kd7 56. Ne5+ Ke7 57. b5 Bf4 58. Nd3 Bd6 59. Nb4 Kd7 60.
g3 h6 61. Nd3 Bd5 62. Nc5+ Bxc5 63. Rxc5 Kd6 64. Rc8 h5 65. f4 Be4 66. Kf2 Kd7
67. Rc4 1-0

[Event "100 Jahre Schvgg Blankenese - Open 2023"]
[Site "Lise-Meitner-Gymnasium (HH)"]
[Date "2023.10.01"]
[Round "3.42"]
[White "Moskalenko, Michael"]
[Black "von Flottwell, Nils"]
[Result "0-1"]
[WhiteElo "1353"]
[BlackElo "1014"]
[PlyCount "74"]
[EventDate "2023.09.30"]
[EventType "swiss"]
[EventRounds "7"]
[WhiteTeam "Elmshorner SC von 1896"]
[BlackTeam "SK Wilhelmsburg 1936 eV"]

1. d4 d5 2. c4 e6 3. Nf3 Nf6 4. g3 Be7 5. Bg2 O-O 6. Qc2 dxc4 7. Qxc4 a6 8. O-O
b5 9. Qc2 Bb7 10. Rd1 Nbd7 11. a3 Nb6 12. b4 a5 13. bxa5 Rxa5 14. Nc3 b4 15.
Nb1 bxa3 16. Bxa3 Bxa3 17. Rxa3 Rxa3 18. Nxa3 Qe7 19. Nc4 Be4 20. Qc1 Nxc4 21.
Qxc4 Bd5 22. Qc2 Rb8 23. Rc1 Rc8 24. Ne5 Bxg2 25. Kxg2 Nd7 26. Nc6 Qd6 27. e3
Ra8 28. Qe4 Ra6 29. Qc2 g6 30. Kg1 Kg7 31. Qc4 Qa3 32. Rc3 Ra4 33. Qd3 Qb2 34.
h4 Ra2 35. Kh2 Qxf2+ 36. Kh3 h5 37. Rc2 Rxc2 0-1

[Event "100 Jahre Schvgg Blankenese - Open 2023"]
[Site "Lise-Meitner-Gymnasium (HH)"]
[Date "2023.10.01"]
[Round "3.43"]
[White "Englert, Barbara"]
[Black "Wolff, Ole"]
[Result "0-1"]
[WhiteElo "1002"]
[BlackElo "1345"]
[PlyCount "42"]
[EventDate "2023.09.30"]
[EventType "swiss"]
[EventRounds "7"]
[WhiteTeam "Niendorfer TSV 1919 SAbt"]
[BlackTeam "SchVgg Blankenese von 1923 e.V."]

1. e4 e6 2. b3 d5 3. Bb2 dxe4 4. Qe2 Nf6 5. Nc3 Be7 6. O-O-O O-O 7. g4 Nc6 8.
Nxe4 Nxe4 9. Qxe4 Bf6 10. d4 Bd7 11. f4 Nb4 12. Kb1 Bc6 13. d5 Nxd5 14. Bd3
Nc3+ 15. Bxc3 Bxe4 16. Bxf6 gxf6 17. Nf3 Bxf3 18. Bxh7+ Kxh7 19. Rxd8 Raxd8 20.
Rg1 Rd1+ 21. Rxd1 Bxd1 0-1

[Event "100 Jahre Schvgg Blankenese - Open 2023"]
[Site "Lise-Meitner-Gymnasium (HH)"]
[Date "2023.10.01"]
[Round "3.45"]
[White "Bauta, Luan"]
[Black "Reinecke, Gerd"]
[Result "0-1"]
[WhiteElo "857"]
[BlackElo "1323"]
[PlyCount "154"]
[EventDate "2023.09.30"]
[EventType "swiss"]
[EventRounds "7"]
[WhiteTeam "Königsspr. SC.1984 e.V."]
[BlackTeam "SchVgg Blankenese von 1923 e.V."]

1. e4 d5 2. exd5 Qxd5 3. Nc3 Qd6 4. Nf3 Nf6 5. Bc4 c6 6. d3 Bg4 7. h3 Bh5 8. g3
e5 9. Qe2 Nbd7 10. g4 Bg6 11. d4 O-O-O 12. dxe5 Nxe5 13. Nxe5 Re8 14. Bf4 Nd7
15. Bd3 Nxe5 16. O-O-O Nxd3+ 17. Rxd3 Qxf4+ 18. Re3 Bc5 19. Re1 Bxe3+ 20. fxe3
Qe5 21. h4 h5 22. g5 Be4 23. Qc4 Qe6 24. Nxe4 Qxe4 25. Qxf7 Rhg8 26. Qxh5 g6
27. Qe2 Qxh4 28. Qg2 Re5 29. Rh1 Rxg5 30. Qxc6+ bxc6 31. Rxh4 Rg2 32. Rh1 Re8
33. Re1 Re4 34. b3 a5 35. a4 Kb7 36. Kb2 Rg3 37. Rh1 Rexe3 38. Rh7+ Kb6 39. Rh8
Re7 40. Rg8 Kc5 41. Ra8 Kb6 42. Rg8 Ra7 43. Re8 Rg7 44. Kc1 Kc5 45. Ra8 Kb6 46.
Kd2 Rf3 47. c3 Rff7 48. b4 Ra7 49. Rc8 axb4 50. Rb8+ Rab7 51. Ra8 bxc3+ 52.
Kxc3 Ra7 53. Rb8+ Kc7 54. Rb4 g5 55. Rg4 c5 56. Kd3 Rb7 57. Rc4 Kc6 58. a5 Rb3+
59. Ke2 Ra3 60. a6 Rxa6 61. Kf3 Kb5 62. Rc1 g4+ 63. Kg3 Ra3+ 64. Kh2 g3+ 65.
Kh1 g2+ 66. Kg1 Rh3 67. Kf2 g1=Q+ 68. Rxg1 Rxg1 69. Kxg1 Kc4 70. Kf1 Rh2 71.
Ke1 Kd3 72. Kf1 Ke3 73. Kg1 Ra2 74. Kh1 Kf3 75. Kg1 Rb2 76. Kh1 Kg3 77. Kg1
Rb1# 0-1

[Event "100 Jahre Schvgg Blankenese - Open 2023"]
[Site "Lise-Meitner-Gymnasium (HH)"]
[Date "2023.10.01"]
[Round "3.46"]
[White "Zakharchuk, Luka"]
[Black "von Flottwell, Lionel"]
[Result "1-0"]
[WhiteElo "1200"]
[BlackElo "1265"]
[PlyCount "137"]
[EventDate "2023.09.30"]
[EventType "swiss"]
[EventRounds "7"]
[BlackTeam "SK Wilhelmsburg 1936 eV"]

1. e4 e5 2. Bc4 Nc6 3. Nc3 Nf6 4. Nf3 d6 5. h3 h6 6. O-O g5 7. Nh2 h5 8. Nd5
Nxd5 9. Bxd5 Ne7 10. Bc4 f5 11. Qf3 f4 12. g3 Ng6 13. d3 Bxh3 14. Rd1 g4 15.
Qe2 f3 16. Nxf3 gxf3 17. Qxf3 Qe7 18. c3 Qg7 19. d4 Nh4 20. Qh1 Qd7 21. gxh4
Rg8+ 22. Bxg8 Qg4+ 23. Kh2 Qxh4 24. Bg5 Qxg5 25. Kxh3 Qg4+ 26. Kh2 Bh6 27. Qg2
Bf4+ 28. Kg1 Qxg2+ 29. Kxg2 Ke7 30. Bh7 Rh8 31. Bf5 Rg8+ 32. Kf3 h4 33. Rg1 Rh8
34. Rg7+ Kf6 35. Rg6+ Kf7 36. Rag1 h3 37. Rg7+ Kf8 38. Rh7 Rxh7 39. Bxh7 h2 40.
Rh1 Ke7 41. Bf5 Kd8 42. a3 c6 43. a4 Kc7 44. Ke2 Kb6 45. b4 a5 46. Kd3 d5 47.
f3 Ka6 48. c4 dxe4+ 49. fxe4 axb4 50. dxe5 Bxe5 51. Kc2 Ka5 52. Kb3 c5 53. Bc8
b6 54. Rd1 Bc7 55. Bb7 Bd6 56. e5 Bc7 57. e6 Bd6 58. Rxd6 h1=Q 59. Bxh1 b5 60.
e7 bxa4+ 61. Ka2 b3+ 62. Kb1 a3 63. Rd2 Kb4 64. e8=Q Kc3 65. Qe3+ Kb4 66. Rb2
axb2 67. Kxb2 Kxc4 68. Qxb3+ Kd4 69. Qc3# 1-0